000 00287nam a2200133 i 4500
001 bg
245 0 _aVycislitielnaja prikladnaja matematika.
260 _aKiew,
_c1979.
040 _cBPK
041 _apol
080 _a517
942 _cKS
008 s pl f |000 0 pol
999 _c18907
_d18907
856 _uhttp://koha.tu.koszalin.pl/cgi-bin/koha/opac-detail.pl?biblionumber=18907
_yKatalog online BPK